000 01295 a2200229 4500
001 26938
005 20260407155547.0
008 260407a1979 arg spa d
003 AR-UNSa-BCEJYS
040 _aAR-UNSa-BCEJYS
_bspa
_cAR-UNSa-BCEJYS
080 _a502.6
_xProtección de la naturaleza inanimada y del paisaje
245 1 0 _aIndustria y paisaje
020 _a84-7088-230-9
264 1 _aMadrid :
_bInstituto de Estudios de Administración Local
_c1979
300 _a386 p.
_c28 cm.
505 _a1. Introducción - 2. Historia de la industria y de su incidencia sobre el paisaje - 3. Desarrollo de ciertas industrias con acusada incidencia sobre el medio ambiente - 4. Problemas de planeamiento paisajístico que surgen de la utilización industrial del suelo - 5. Clasificación de las industrias atendiendo a los problemas creados por su incidencia sobre el paisaje - 6. Diseño del paisaje para la industria: problemas comunes - 7. Diseño del paisaje para la industria: problemas específicos - 8. Abandono y destrucción del medio ambiente ocasionados por la industria - 9. Detalles de construcción - 10. El futuro
942 _cBK
590 _aniveau_biblio:m niveau_hierar:0
100 1 _aTandy, Cliff
700 1 _aNelson, Peter
700 1 _aHernández Orozco, Joaquín
999 _c1521
_d1521